000 00758nam a2200289Ia 4500
005 20260324150641.0
008 008 260324s9999 xx 000 0 eng d
020 _a9781315020174
037 _aEBOOK
040 _aCRL
040 _beng
040 _cCRL
041 _2eng
041 _aeng
084 _qCRL
100 _aFrank W. Fetter
_91227141
245 4 _aThe Irish Pound, 1797-1826
245 2 _bA Reprint of the Report of the Committee of 1804 of the House of Commons on the Condition of the Irish Currency
260 _bTaylor and Francis
260 _c1955
365 _a
365 _b450
856 _uhttp://www.taylorfrancis.com/books/9781315020174
942 _cEBOOK
999 _c1836979
_d1836979